• 首页
  • 本馆介绍
  • 公告通知
  • 最新文献
  • 馆藏检索
  • 电子资源
  • 读者导购
  • 参考咨询
  • 我的图书馆
  • 登录
  • 详细信息显示
  • 放入我的书架
  • 预约/预借图书
  • 作者相关作品
  • 分类相关作品
  • 丛书相关作品
  • 出版社相关作品

书目信息

  • 表格格式
  • 工作单格式
  • 卡片格式
题名:
家畜繁殖员
    
 
作者: 韩芬霞 , 陈春刚 主编
分册:  
出版信息: 北京   化学工业出版社  2015.11
页数: 213页
开本: 21cm
丛书名:
单 册:
中图分类: S814
科图分类:
主题词: 家畜繁殖--岗位培训--教材
电子资源:
ISBN: 978-7-122-25435-1
000 00801nam0 2200229 450
001 1418
005 20180928101021.87
010    @a978-7-122-25435-1@dCNY25.00
100    @a20160201d2015 em y0chiy50 ea
101 0  @achi
102    @aCN@b110000
105    @ay z 000yy
200 1  @a家畜繁殖员@9jia chu fan zhi yuan@b专著@f韩芬霞,陈春刚主编
210    @a北京@c化学工业出版社@d2015.11
215    @a213页@d21cm
330    @a本书介绍了家畜繁殖员的岗位职责和基本要求、家畜繁殖的基础知识、母畜发情鉴定技术、妊娠诊断及助产技术、家畜繁殖管理技术、家畜繁殖新技术以及常见的繁殖疾病及防治等内容。
606 0  @a家畜繁殖@x岗位培训@j教材
690    @aS814@v5
701  0 @a韩芬霞@9han fen xia@4主编
701  0 @a陈春刚@9chen chun gang@4主编
801  0 @aCN@b91MARC@c20160302
905    @aMuseLib@dS814@e152
    
    家畜繁殖员/韩芬霞,陈春刚主编.-北京:化学工业出版社,2015.11
    213页;21cm
    
    
    ISBN 978-7-122-25435-1:CNY25.00
    本书介绍了家畜繁殖员的岗位职责和基本要求、家畜繁殖的基础知识、母畜发情鉴定技术、妊娠诊断及助产技术、家畜繁殖管理技术、家畜繁殖新技术以及常见的繁殖疾病及防治等内容。
●
相关链接 在E读中查询图书 在五车中查询图书 在当当中查询图书 在豆瓣中查询图书


正题名:家畜繁殖员     索取号:S814/152         预约/预借

序号 登录号 条形码 馆藏地/架位号 状态 备注
1 1122581   211225814   第二样本阅览室/ [索取号:S814/152] 在馆    
2 1122582   211225823   密集书库-生命科学系/ [索取号:S814/152] 在馆    
3 1122583   211225832   第三借阅区/ [索取号:S814/152] 在馆    
4 1122584   211225841   第三借阅区/ [索取号:S814/152] 在馆    
5 1122585   211225850   第三借阅区/ [索取号:S814/152] 在馆    
唐山师范学院图书馆 欢迎您!
大连网信软件有限公司© 版权所有